000 00329nam a2200121 a 4500
005 20140414131913.0
008 101013s19uu xx 00 eng d
050 _aER
_bV62 1969
100 _aCarle, Eric
245 _aThe very hungry caterpillar /
_cby Eric Carle.
260 _aNew York :
_bScholastic ,
_c1969.
999 _c111300
_d111300